[Event "RUS-ch Higher League (Women) 70th"]
[Site "Sochi"]
[Date "2020.10.17"]
[Round "9"]
[White "Bykova, Anastasia"]
[Black "Nasyrova, Ekaterina"]
[Result "0-1"]
[WhiteElo "2215"]
[BlackElo "2171"]
[PlyCount "106"]
[EventDate "2020.10.08"]
[EventType "swiss"]
[EventRounds "9"]
[EventCountry "RUS"]
[SourceTitle "CBM 198 Extra"]
[Source "ChessBase"]
[SourceDate "2020.11.30"]
[SourceVersion "1"]
[SourceVersionDate "2020.11.30"]
[SourceQuality "1"]

1. e4 e5 2. Nf3 Nc6 3. Bb5 Nf6 4. d3 Bc5 5. c3 0-0 6. 0-0 d6 7. Bg5 Bb6 8. a4 a6 9. Bxc6 bxc6 10. a5 Ba7 11. Nbd2 h6 12. Bh4 Qe7 13. Re1 Qe6 14. d4 Nd7 15. Qa4 Bb7 16. b4 Rae8 17. Bg3 f5 18. exf5 Qxf5 19. Qa2+ Kh7 20. Nh4 Qh5 21. Qc2+ Kg8 22. Qd3 Rf6 23. Nhf3 exd4 24. cxd4 Rxe1+ 25. Rxe1 Qd5 26. Re7 Rf7 27. Re8+ Nf8 28. Qc3 Rf6 29. Re4 Re6 30. Rg4 Nd7 31. Qc2 Nf6 32. Rf4 Qb5 33. Qg6 Qh5 34. Qb1 Qe8 35. h3 Nd5 36. Rg4 Bc8 37. Kh2 Qf7 38. Qb3 Nf6 39. Rf4 Re7 40. Qc2 Qe8 41. Bh4 Nd5 42. Bxe7 Nxf4 43. Bh4 Qg6 44. Qc4+ Be6 45. Qf1 Qd3 46. Qc1 Bd5 47. Bd8 Ne6 48. Qe1 Bxd4 49. Bxc7 Nxc7 50. Qe7 Ne6 51. Qxd6 Bxf2 52. b5 Qxb5 53. Ne4 Be3 0-1

[Event "RUS-ch Higher League (Women) 70th"]
[Site "Sochi"]
[Date "2020.10.15"]
[Round "7"]
[White "Bykova, Anastasia"]
[Black "Garmash, Aliona"]
[Result "0-1"]
[WhiteElo "2215"]
[BlackElo "2093"]
[PlyCount "80"]
[EventDate "2020.10.08"]
[EventType "swiss"]
[EventRounds "9"]
[EventCountry "RUS"]
[SourceTitle "CBM 198 Extra"]
[Source "ChessBase"]
[SourceDate "2020.11.30"]
[SourceVersion "1"]
[SourceVersionDate "2020.11.30"]
[SourceQuality "1"]

1. d4 Nf6 2. c4 g6 3. Nf3 Bg7 4. g3 0-0 5. Bg2 d6 6. 0-0 Nc6 7. Nc3 a6 8. Bf4 Rb8 9. Rc1 h6 10. Qd3 Bg4 11. d5 e5 12. dxc6 exf4 13. Nd4 fxg3 14. hxg3 Bc8 15. b4 Ng4 16. cxb7 Bxb7 17. Bxb7 Rxb7 18. Qe4 Bxd4 19. Qxb7 Nxf2 20. Kg2 Ng4 21. Nd1 Qg5 22. Rc2 Qh5 23. Rh1 Qf5 24. Rd2 Be3 25. Rd3 Re8 26. Qf3 Qg5 27. Rf1 f5 28. Qc6 Re7 29. Qxa6 Bb6 30. Qa8+ Kg7 31. Nc3 Ne3+ 32. Rxe3 Rxe3 33. Rf3 Bd4 34. Qc6 Bxc3 35. Rxe3 Qxe3 36. Qxc7+ Kg8 37. Qd8+ Kh7 38. Qc7+ Bg7 39. Qxd6 Qxe2+ 40. Kh3 g5 0-1

[Event "RUS-ch Higher League (Women) 70th"]
[Site "Sochi"]
[Date "2020.10.10"]
[Round "3"]
[White "Bykova, Anastasia"]
[Black "Garifullina, Leya"]
[Result "0-1"]
[WhiteElo "2215"]
[BlackElo "2335"]
[PlyCount "80"]
[EventDate "2020.10.08"]
[EventType "swiss"]
[EventRounds "9"]
[EventCountry "RUS"]
[SourceTitle "CBM 198 Extra"]
[Source "ChessBase"]
[SourceDate "2020.11.30"]
[SourceVersion "1"]
[SourceVersionDate "2020.11.30"]
[SourceQuality "1"]

1. e4 c5 2. Nf3 d6 3. d4 cxd4 4. Nxd4 Nf6 5. Nc3 a6 6. h3 e5 7. Nb3 Be6 8. f4 g6 9. Be2 Nbd7 10. 0-0 Rc8 11. f5 gxf5 12. exf5 Qb6+ 13. Kh2 Bc4 14. Bxc4 Rxc4 15. Qe2 Qc7 16. Nd2 Rc6 17. Nde4 Rg8 18. Bf4 Rc4 19. Nxf6+ Nxf6 20. Bg3 Be7 21. Rad1 Rb4 22. Nd5 Nxd5 23. Rxd5 Rxb2 24. f6 Rxc2 25. Rd2 Rxd2 26. Qxd2 Bd8 27. h4 Qd7 28. Rf3 e4 29. Rb3 d5 30. Qf4 b5 31. h5 Qg4 32. Qe5+ Qe6 33. Qb8 Qxf6 34. Qa8 Rg5 35. Bh4 Rxh5 36. g3 Qd6 37. Kg2 f6 38. Rc3 Rf5 39. Rc6 Qa3 40. Rxa6 Qf3+ 0-1

[Event "Titled Tuesday intern op 4th Aug 10am"]
[Site "Chess.com INT"]
[Date "2020.08.04"]
[Round "9"]
[White "Bykova, Anastasia"]
[Black "Baskin, Robert"]
[Result "1-0"]
[WhiteElo "2215"]
[BlackElo "2390"]
[PlyCount "109"]
[EventDate "2020.08.04"]
[EventType "swiss (blitz)"]
[EventRounds "10"]
[EventCountry "USA"]
[SourceTitle "CBM 197 Extra"]
[Source "ChessBase"]
[SourceDate "2020.09.30"]
[SourceVersion "1"]
[SourceVersionDate "2020.09.30"]
[SourceQuality "1"]

1. d4 f5 2. g3 Nf6 3. Bg2 e6 4. Nh3 d5 5. c4 Bd6 6. 0-0 0-0 7. Qc2 c6 8. Bf4 Be7 9. Nd2 Na6 10. a3 h6 11. Nb3 g5 12. Bd2 Qe8 13. f3 Qh5 14. Nf2 Bd7 15. e4 Qg6 16. Rae1 Rae8 17. Nd3 Bc8 18. Ne5 Qh7 19. Rf2 Qg7 20. cxd5 cxd5 21. exf5 exf5 22. Rfe2 Bd6 23. Qd3 Nd7 24. f4 Nf6 25. Qe3 Ne4 26. Bxe4 fxe4 27. fxg5 hxg5 28. Qxg5 Bxe5 29. dxe5 Qxg5 30. Bxg5 Rxe5 31. Bf4 Ree8 32. Rd2 Be6 33. Nd4 Bf7 34. Nb5 Nc5 35. Nc7 Rd8 36. Rf1 Nd3 37. Bh6 Rfe8 38. Nxe8 Rxe8 39. Rf5 d4 40. b4 Bc4 41. Rd1 e3 42. Rb1 e2 43. Bd2 e1Q+ 44. Bxe1 Nxe1 45. Kf2 Nd3+ 46. Kf3 Ne5+ 47. Kg2 Bd3 48. Rg5+ Kh7 49. Re1 Nf7 50. Rxe8 Nxg5 51. Rd8 Be4+ 52. Kf2 d3 53. h4 Ne6 54. Rd7+ Kg6 55. Ke3 1-0

[Event "Titled Tuesday intern op 16th June"]
[Site "Chess.com INT"]
[Date "2020.06.16"]
[Round "8"]
[White "Bykova, Anastasia"]
[Black "Kashlinskaya, Alina"]
[Result "0-1"]
[WhiteElo "2215"]
[BlackElo "2494"]
[PlyCount "94"]
[EventDate "2020.06.16"]
[EventType "swiss (blitz)"]
[EventRounds "10"]
[EventCountry "USA"]
[SourceTitle "EXT 2021"]
[Source "ChessBase"]
[SourceDate "2020.10.23"]
[SourceVersion "1"]
[SourceVersionDate "2020.10.23"]
[SourceQuality "1"]

1. d4 Nf6 2. c4 g6 3. Nf3 Bg7 4. g3 0-0 5. Bg2 d6 6. 0-0 Nbd7 7. Nc3 e5 8. e4 Re8 9. h3 a6 10. Re1 Rb8 11. a4 a5 12. Be3 c6 13. Qd2 exd4 14. Bxd4 Qc7 15. Rad1 Ra8 16. Kh2 Ne5 17. Nxe5 dxe5 18. Bc5 Nd7 19. Bd6 Qb6 20. Qe3 Qxe3 21. Rxe3 Bf8 22. h4 Nc5 23. Bh3 Bxh3 24. Kxh3 Rad8 25. Bxf8 Kxf8 26. Ree1 Nd3 27. Re2 Rd4 28. f3 Red8 29. Kh2 Ke7 30. Kg1 Rxc4 31. Red2 Rcd4 32. Ne2 R4d6 33. f4 f6 34. b3 Nc5 35. Rxd6 Rxd6 36. Re1 Nxb3 37. Rb1 Rd3 38. Kf2 Kd6 39. Ng1 Nc5 40. Nf3 Nxe4+ 41. Ke2 Ra3 42. fxe5+ fxe5 43. Rxb7 Rxa4 44. Rxh7 Nxg3+ 45. Kf2 Ne4+ 46. Ke3 Nf6 47. Rh6 Ng4+ 0-1

[Event "Titled Tuesday intern op 5th May"]
[Site "Chess.com INT"]
[Date "2020.05.05"]
[Round "6"]
[White "Bykova, Anastasia"]
[Black "Hasangatin, Ramil"]
[Result "0-1"]
[WhiteElo "2215"]
[BlackElo "2479"]
[PlyCount "76"]
[EventDate "2020.05.05"]
[EventType "swiss (blitz)"]
[EventRounds "10"]
[EventCountry "USA"]
[SourceTitle "EXT 2021"]
[Source "ChessBase"]
[SourceDate "2020.10.23"]
[SourceVersion "1"]
[SourceVersionDate "2020.10.23"]
[SourceQuality "1"]

1. d4 d6 2. c4 e5 3. Nf3 e4 4. Ng5 f5 5. h4 Nf6 6. g3 c6 7. d5 Na6 8. Nc3 Nc7 9. Bf4 Be7 10. Bg2 0-0 11. e3 c5 12. f3 exf3 13. Bxf3 Ng4 14. Qd3 Ne5 15. Qe2 h6 16. Bxe5 dxe5 17. Nh3 e4 18. Bg2 Bf6 19. Qc2 Ne8 20. Nf4 Nd6 21. 0-0-0 Nxc4 22. Ne6 Bxe6 23. dxe6 Qa5 24. e7 Rf7 25. Qb3 Nxe3 26. Rd7 Re8 27. Bh3 c4 28. Qxb7 Rfxe7 29. Rxe7 Rxe7 30. Qc8+ Kh7 31. Re1 Bxc3 32. Rxe3 Bd2+ 33. Kc2 Bxe3 34. Bxf5+ g6 35. Bxg6+ Kxg6 36. Qg8+ Kf6 37. Qf8+ Ke6 38. Qg8+ Kd7 0-1

[Event "Titled Tuesday intern op 5th May"]
[Site "Chess.com INT"]
[Date "2020.05.05"]
[Round "2"]
[White "Bykova, Anastasia"]
[Black "Rodriguez, Leonardo De Miranda"]
[Result "1-0"]
[WhiteElo "2215"]
[BlackElo "1806"]
[PlyCount "115"]
[EventDate "2020.05.05"]
[EventType "swiss (blitz)"]
[EventRounds "10"]
[EventCountry "USA"]
[SourceTitle "EXT 2021"]
[Source "ChessBase"]
[SourceDate "2020.10.23"]
[SourceVersion "1"]
[SourceVersionDate "2020.10.23"]
[SourceQuality "1"]

1. d4 Nf6 2. c4 g6 3. Nf3 Bg7 4. g3 0-0 5. Bg2 d6 6. 0-0 Nc6 7. Nc3 a6 8. Bf4 Rb8 9. Rc1 Bd7 10. Qd2 b5 11. Nd5 bxc4 12. Nxf6+ Bxf6 13. Rxc4 Rb6 14. Rfc1 e6 15. b3 a5 16. Bh6 Bg7 17. Bxg7 Kxg7 18. e3 Qf6 19. Ne1 Nb4 20. Rxc7 Rd8 21. Nd3 Bb5 22. Nxb4 axb4 23. Qxb4 Rdb8 24. Ra7 Bf1 25. Qd2 Bxg2 26. Kxg2 Qf5 27. Rcc7 R8b7 28. Raxb7 Rxb7 29. Rxb7 Qd5+ 30. Kg1 Qxb7 31. b4 Qb5 32. Qb2 d5 33. h3 h5 34. h4 f6 35. Qb3 g5 36. a4 Qe2 37. hxg5 fxg5 38. b5 h4 39. Kg2 g4 40. gxh4 Qf3+ 41. Kg1 g3 42. Qc2 Kf8 43. fxg3 Qxe3+ 44. Qf2+ Qxf2+ 45. Kxf2 Ke7 46. b6 Kd6 47. a5 Kc6 48. h5 e5 49. Ke3 exd4+ 50. Kxd4 Kb7 51. h6 Ka6 52. h7 Kxa5 53. h8Q Kxb6 54. Qb8+ Kc6 55. Qd8 Kb5 56. Qc7 Kb4 57. Qb6+ Ka3 58. Kc3 1-0

[Event "Titled Tuesday intern op 5th May"]
[Site "Chess.com INT"]
[Date "2020.05.05"]
[Round "5"]
[White "Sadovsky, Artem"]
[Black "Bykova, Anastasia"]
[Result "1/2-1/2"]
[WhiteElo "2421"]
[BlackElo "2215"]
[PlyCount "84"]
[EventDate "2020.05.05"]
[EventType "swiss (blitz)"]
[EventRounds "10"]
[EventCountry "USA"]
[SourceTitle "EXT 2021"]
[Source "ChessBase"]
[SourceDate "2020.10.23"]
[SourceVersion "1"]
[SourceVersionDate "2020.10.23"]
[SourceQuality "1"]

1. Nf3 d5 2. g3 c6 3. Bg2 Nf6 4. 0-0 Bg4 5. c4 e6 6. b3 Nbd7 7. Bb2 Be7 8. d3 0-0 9. Nbd2 a5 10. Qc2 a4 11. Rad1 Qb6 12. e4 dxe4 13. Nxe4 h6 14. Nxf6+ Bxf6 15. Bxf6 Nxf6 16. d4 Bf5 17. Qc3 axb3 18. axb3 Rfd8 19. Ra1 Be4 20. Rxa8 Rxa8 21. Ra1 Rxa1+ 22. Qxa1 Qxb3 23. Ne5 Qb1+ 24. Qxb1 Bxb1 25. c5 Ba2 26. f4 Kf8 27. Kf2 Ke7 28. Ke3 Bd5 29. Bf1 Ne8 30. g4 f6 31. Ng6+ Kd7 32. f5 Nc7 33. Bd3 Ke8 34. Nf4 Kf7 35. h4 Bb3 36. Kd2 e5 37. dxe5 fxe5 38. Ng6 Kf6 39. Nf8 Ke7 40. Ng6+ Kf6 41. Nf8 Ke7 42. Ng6+ Kf6 1/2-1/2

[Event "Titled Tuesday intern op 5th May"]
[Site "Chess.com INT"]
[Date "2020.05.05"]
[Round "1"]
[White "Warmerdam, Max"]
[Black "Bykova, Anastasia"]
[Result "1-0"]
[WhiteElo "2506"]
[BlackElo "2215"]
[PlyCount "75"]
[EventDate "2020.05.05"]
[EventType "swiss (blitz)"]
[EventRounds "10"]
[EventCountry "USA"]
[SourceTitle "EXT 2021"]
[Source "ChessBase"]
[SourceDate "2020.10.23"]
[SourceVersion "1"]
[SourceVersionDate "2020.10.23"]
[SourceQuality "1"]

1. e4 c6 2. d4 d5 3. e5 c5 4. Nf3 Nc6 5. dxc5 Bg4 6. c3 e6 7. Be3 Bxf3 8. Qxf3 Nxe5 9. Bb5+ Nc6 10. c4 Nf6 11. Nc3 a6 12. Ba4 Qc7 13. cxd5 exd5 14. 0-0 Be7 15. Nxd5 Nxd5 16. Qxd5 Rd8 17. Qe4 0-0 18. Rfd1 Bf6 19. Bf4 Qc8 20. Bd6 Rfe8 21. Qc2 Qg4 22. h3 Qh5 23. Bb3 Nd4 24. Qc4 Ne2+ 25. Kf1 Bxb2 26. Rab1 Nc3 27. Rxb2 Nxd1 28. Rd2 Qg6 29. Rxd1 Re6 30. Kg1 h6 31. Kh2 Re4 32. Qd5 Re2 33. Rd3 Rxf2 34. Rg3 Qf6 35. Qxb7 Re8 36. Rf3 Rxf3 37. Qxf3 Qg6 38. Bg3 1-0

[Event "Moscow op (Women) 16th"]
[Site "Moscow"]
[Date "2020.01.28"]
[Round "4"]
[White "Bykova, Anastasia"]
[Black "Voskresenskaya, Marta"]
[Result "1-0"]
[WhiteElo "2247"]
[BlackElo "1927"]
[PlyCount "73"]
[EventDate "2020.01.25"]
[EventType "swiss"]
[EventRounds "9"]
[EventCountry "RUS"]
[SourceTitle "CBM 194 Extra"]
[Source "ChessBase"]
[SourceDate "2020.03.31"]
[SourceVersion "1"]
[SourceVersionDate "2020.03.31"]
[SourceQuality "1"]

1. d4 d5 2. c4 c6 3. Nc3 Nf6 4. e3 e6 5. Nf3 Nbd7 6. Bd3 dxc4 7. Bxc4 b5 8. Bd3 a6 9. a4 b4 10. Ne4 c5 11. Nxf6+ Nxf6 12. dxc5 Bxc5 13. 0-0 0-0 14. e4 h6 15. e5 Nd5 16. Qe2 h5 17. Qe4 g6 18. Bh6 Rb8 19. Rac1 Bb6 20. Nh4 Ne7 21. Bg5 Bb7 22. Qxb4 Qxd3 23. Bxe7 Bxg2 24. Kxg2 Bd4 25. Qe1 Rb3 26. Bxf8 Qh3+ 27. Kh1 Qxh4 28. Rc8 Qh3 29. Qe2 Kh7 30. Ba3 Rf3 31. Rcc1 Qf5 32. Bd6 h4 33. Rc4 Rf4 34. f3 g5 35. Qc2 Qxc2 36. Rxc2 g4 37. Kg2 1-0

[Event "Moscow op (Women) 16th"]
[Site "Moscow"]
[Date "2020.01.27"]
[Round "3"]
[White "Ovod, Evgenija"]
[Black "Bykova, Anastasia"]
[Result "1-0"]
[WhiteElo "2362"]
[BlackElo "2247"]
[PlyCount "59"]
[EventDate "2020.01.25"]
[EventType "swiss"]
[EventRounds "9"]
[EventCountry "RUS"]
[SourceTitle "CBM 194 Extra"]
[Source "ChessBase"]
[SourceDate "2020.03.31"]
[SourceVersion "1"]
[SourceVersionDate "2020.03.31"]
[SourceQuality "1"]

1. e4 c6 2. d4 d5 3. e5 Bf5 4. h4 h5 5. Bd3 Bxd3 6. Qxd3 e6 7. Nf3 Qb6 8. Nc3 c5 9. dxc5 Bxc5 10. 0-0 Ne7 11. Na4 Qc6 12. Nxc5 Qxc5 13. b3 Nd7 14. Rd1 Ng6 15. Bb2 0-0 16. c4 Rfd8 17. cxd5 Nf4 18. Qe4 Nxd5 19. Ng5 Nf8 20. Qf3 Rd7 21. Ne4 Qc2 22. Rd2 Qc6 23. Rc1 Qb5 24. g3 Qa5 25. Qxh5 Qxa2 26. Qg4 Ng6 27. h5 Ne3 28. Qe2 Nxe5 29. Bxe5 Qa3 30. Bb2 1-0

[Event "Sharjah Cup (Women) 10th"]
[Site "Sharjah"]
[Date "2020.01.12"]
[Round "9"]
[White "Soyunlu, Narmin Asat Qizi"]
[Black "Bykova, Anastasia"]
[Result "0-1"]
[WhiteElo "2020"]
[BlackElo "2247"]
[PlyCount "92"]
[EventDate "2020.01.04"]
[EventType "swiss"]
[EventRounds "9"]
[EventCountry "UAE"]
[SourceTitle "CBM 194 Extra"]
[Source "ChessBase"]
[SourceDate "2020.03.31"]
[SourceVersion "1"]
[SourceVersionDate "2020.03.31"]
[SourceQuality "1"]

1. Nf3 d5 2. c4 c6 3. g3 Nf6 4. Bg2 Bg4 5. Ne5 Bf5 6. cxd5 cxd5 7. Qa4+ Nc6 8. Nc3 Rc8 9. d4 e6 10. Nxc6 bxc6 11. Qxa7 Bd6 12. Qa4 0-0 13. 0-0 Qb6 14. Qd1 e5 15. e3 Bg4 16. f3 Bh5 17. a3 exd4 18. exd4 Ra8 19. Kh1 Rfe8 20. b4 Qa6 21. Ra2 Bg6 22. Bg5 Nd7 23. Bf4 Bxf4 24. gxf4 Re3 25. b5 Qb6 26. bxc6 Qxc6 27. Ne2 Bd3 28. Rf2 Rae8 29. Rb2 Qa6 30. Bf1 h5 31. Nc1 Bxf1 32. Rxf1 Qd6 33. Nd3 Qxa3 34. Rb3 Qa4 35. Nc5 Nxc5 36. Rxe3 Rxe3 37. dxc5 Qc4 38. Qb1 Qxc5 39. f5 Qd6 40. f4 d4 41. Qc1 Qd5+ 42. Kg1 Qxf5 43. Rf2 Qe4 44. Qc4 Re1+ 45. Rf1 Qe3+ 46. Kg2 Re2+ 0-1

[Event "Sharjah Cup (Women) 10th"]
[Site "Sharjah"]
[Date "2020.01.09"]
[Round "7"]
[White "Greibrokk, Ingrid Andrea"]
[Black "Bykova, Anastasia"]
[Result "1/2-1/2"]
[WhiteElo "1855"]
[BlackElo "2247"]
[PlyCount "63"]
[EventDate "2020.01.04"]
[EventType "swiss"]
[EventRounds "9"]
[EventCountry "UAE"]
[SourceTitle "CBM 194 Extra"]
[Source "ChessBase"]
[SourceDate "2020.03.31"]
[SourceVersion "1"]
[SourceVersionDate "2020.03.31"]
[SourceQuality "1"]

1. e4 c6 2. d4 d5 3. Nd2 dxe4 4. Nxe4 Nd7 5. Nf3 Ngf6 6. Nxf6+ Nxf6 7. Bc4 e6 8. 0-0 c5 9. Bg5 cxd4 10. Qxd4 Qxd4 11. Nxd4 a6 12. Rad1 b5 13. Be2 Bb7 14. Bxf6 gxf6 15. Nxb5 Rc8 16. Nd6+ Bxd6 17. Rxd6 Rxc2 18. Rfd1 0-0 19. Bxa6 Bxa6 20. Rxa6 Rxb2 21. Ra7 Rc8 22. g4 Rcc2 23. Rd8+ Kg7 24. Rdd7 Rxf2 25. Rxf7+ Kg6 26. Rg7+ Kh6 27. h4 f5 28. Raf7 Rg2+ 29. Kf1 Rgf2+ 30. Kg1 Rg2+ 31. Kf1 Rgf2+ 32. Kg1 1/2-1/2

[Event "Wch Blitz (Women)"]
[Site "Moscow"]
[Date "2019.12.29"]
[Round "4"]
[White "Kashlinskaya, Alina"]
[Black "Bykova, Anastasia"]
[Result "1-0"]
[WhiteElo "2484"]
[BlackElo "2247"]
[PlyCount "69"]
[EventDate "2019.12.29"]
[EventType "swiss (blitz)"]
[EventRounds "17"]
[EventCountry "RUS"]
[SourceTitle "CBM 193 Extra"]
[Source "ChessBase"]
[SourceDate "2020.01.31"]
[SourceVersion "1"]
[SourceVersionDate "2020.01.31"]
[SourceQuality "1"]

1. d4 d5 2. c4 c6 3. cxd5 cxd5 4. Bg5 Nc6 5. Nc3 Qb6 6. Qd2 e6 7. e3 h6 8. Bh4 Nge7 9. Bd3 Bd7 10. Nf3 Nb4 11. Be2 Nf5 12. Bg3 Nxg3 13. hxg3 Be7 14. Ne5 Bc6 15. a3 Na6 16. Rc1 0-0 17. 0-0 Rfc8 18. f4 Be8 19. Bd3 Nc7 20. Bb1 Qd6 21. Qd3 g6 22. g4 Kg7 23. Rf3 a6 24. Rcf1 Nb5 25. f5 exf5 26. gxf5 Bg5 27. fxg6 f6 28. Nf7 Qe7 29. Nxg5 fxg5 30. Rf7+ Bxf7 31. Rxf7+ Qxf7 32. gxf7 Rh8 33. Qg6+ Kf8 34. Nxd5 Rd8 35. Qf6 1-0

[Event "Wch Blitz (Women)"]
[Site "Moscow"]
[Date "2019.12.29"]
[Round "2"]
[White "Mammadova, Gulnar Marfat Qizi"]
[Black "Bykova, Anastasia"]
[Result "1-0"]
[WhiteElo "2386"]
[BlackElo "2247"]
[PlyCount "87"]
[EventDate "2019.12.29"]
[EventType "swiss (blitz)"]
[EventRounds "17"]
[EventCountry "RUS"]
[SourceTitle "CBM 193 Extra"]
[Source "ChessBase"]
[SourceDate "2020.01.31"]
[SourceVersion "1"]
[SourceVersionDate "2020.01.31"]
[SourceQuality "1"]

1. e4 c6 2. d4 d5 3. e5 c5 4. dxc5 Nc6 5. Bg5 Qa5+ 6. c3 Qxc5 7. Nf3 e6 8. Bd3 Qb6 9. Qe2 Nge7 10. 0-0 Ng6 11. b4 Bd7 12. a4 a5 13. b5 Na7 14. Nbd2 h6 15. Be3 Bc5 16. Bxc5 Qxc5 17. Bxg6 fxg6 18. Qd3 0-0 19. Nb3 Qc7 20. Rac1 Rf5 21. c4 Qb6 22. cxd5 exd5 23. Nbd4 Rf4 24. Rfe1 Raf8 25. e6 Be8 26. g3 R4f6 27. Re2 g5 28. Ne5 Qd6 29. Rce1 Nc8 30. Ng4 Ne7 31. Nxf6+ Rxf6 32. Qe3 b6 33. Qe5 Qb4 34. Nc6 Nxc6 35. bxc6 Bxc6 36. e7 Be8 37. Qxd5+ Kh8 38. Qe4 Qc5 39. Qa8 Qc6 40. Qxc6 Rxc6 41. Rd2 Kg8 42. Re3 Rc4 43. Rf3 Re4 44. Rf8+ 1-0

[Event "Wch Rapid (Women)"]
[Site "Moscow"]
[Date "2019.12.28"]
[Round "9"]
[White "Bykova, Anastasia"]
[Black "Mkrtchian, Lilit"]
[Result "1/2-1/2"]
[WhiteElo "2247"]
[BlackElo "2395"]
[PlyCount "73"]
[EventDate "2019.12.26"]
[EventType "swiss (rapid)"]
[EventRounds "12"]
[EventCountry "RUS"]
[SourceTitle "CBM 193 Extra"]
[Source "ChessBase"]
[SourceDate "2020.01.31"]
[SourceVersion "1"]
[SourceVersionDate "2020.01.31"]
[SourceQuality "1"]

1. d4 e6 2. c4 b6 3. Nf3 Bb7 4. g3 Bb4+ 5. Bd2 Bxf3 6. exf3 Bxd2+ 7. Qxd2 Ne7 8. Bg2 c6 9. 0-0 0-0 10. f4 d5 11. b3 Nd7 12. Nc3 a6 13. Rfd1 Qb8 14. Rac1 Qd6 15. Na4 dxc4 16. bxc4 b5 17. Nc3 Nf6 18. Ne4 Nxe4 19. Bxe4 g6 20. Qa5 Rfb8 21. Rd2 Ra7 22. Kg2 Qd8 23. Qc3 Rd7 24. Rcd1 Qb6 25. h4 h5 26. d5 cxd5 27. cxd5 exd5 28. Bxd5 Nxd5 29. Rxd5 Rxd5 30. Rxd5 Rd8 31. Rxd8+ Qxd8 32. Qc6 Qa5 33. Qe8+ Kg7 34. Qe5+ Kg8 35. Qe8+ Kg7 36. Qe5+ Kg8 37. Qe8+ 1/2-1/2

[Event "Wch Rapid (Women)"]
[Site "Moscow"]
[Date "2019.12.28"]
[Round "10"]
[White "Manakova, Maria"]
[Black "Bykova, Anastasia"]
[Result "1/2-1/2"]
[WhiteElo "2238"]
[BlackElo "2247"]
[PlyCount "95"]
[EventDate "2019.12.26"]
[EventType "swiss (rapid)"]
[EventRounds "12"]
[EventCountry "RUS"]
[SourceTitle "CBM 193 Extra"]
[Source "ChessBase"]
[SourceDate "2020.01.31"]
[SourceVersion "1"]
[SourceVersionDate "2020.01.31"]
[SourceQuality "1"]

1. e4 c6 2. d4 d5 3. exd5 cxd5 4. c4 Nf6 5. Nc3 e6 6. Nf3 Bb4 7. cxd5 Nxd5 8. Bd2 Nc6 9. Bd3 0-0 10. 0-0 Be7 11. a3 Bf6 12. Be3 Nce7 13. Ne4 Bd7 14. Nxf6+ Nxf6 15. Bg5 Ned5 16. Ne5 h6 17. Bh4 Qb6 18. Nc4 Qa6 19. a4 Rac8 20. b3 Rfd8 21. Qd2 Be8 22. Rac1 b5 23. Na3 Qb6 24. axb5 Qd6 25. Nc4 Qb4 26. Bxf6 Qxd2 27. Nxd2 gxf6 28. Nf3 Nc3 29. Ra1 Nxb5 30. Bc4 Bc6 31. h3 Rc7 32. Rfc1 Bxf3 33. Bxb5 Rxc1+ 34. Rxc1 Bd5 35. Rc3 f5 36. Ba4 Rb8 37. g3 Rb4 38. Rd3 Kf8 39. f4 Ke7 40. Kf2 Kd6 41. Ke3 Bg2 42. h4 Bd5 43. Rc3 Rb8 44. Kd3 Rg8 45. Kc2 Rb8 46. Kd2 Rb4 47. Kd3 Rb8 48. Kc2 1/2-1/2

[Event "Wch Rapid (Women)"]
[Site "Moscow"]
[Date "2019.12.26"]
[Round "4"]
[White "Guichard, Pauline"]
[Black "Bykova, Anastasia"]
[Result "1/2-1/2"]
[WhiteElo "2408"]
[BlackElo "2247"]
[PlyCount "169"]
[EventDate "2019.12.26"]
[EventType "swiss (rapid)"]
[EventRounds "12"]
[EventCountry "RUS"]
[SourceTitle "CBM 193 Extra"]
[Source "ChessBase"]
[SourceDate "2020.01.31"]
[SourceVersion "1"]
[SourceVersionDate "2020.01.31"]
[SourceQuality "1"]

1. c4 c6 2. Nf3 d5 3. e3 Nf6 4. Nc3 g6 5. d4 Bg7 6. Be2 0-0 7. 0-0 a6 8. b3 Ne4 9. Bb2 Nxc3 10. Bxc3 Nd7 11. cxd5 cxd5 12. Rc1 b5 13. Qd2 Nf6 14. Ba5 Qd6 15. Rc7 Ne4 16. Qb4 Bf6 17. Rfc1 Bf5 18. h3 h5 19. Qxd6 Nxd6 20. Bb4 Rfd8 21. Ne5 Ne8 22. Rb7 Rdc8 23. Rxc8 Bxc8 24. Rb6 e6 25. Ba3 Bd8 26. Rc6 Bb7 27. Rc1 Rc8 28. Rxc8 Bxc8 29. Nc6 Bf6 30. Bc5 Bb7 31. Na5 Bc8 32. Kf1 Kg7 33. Ke1 Bd8 34. Nc6 Bc7 35. Kd2 Nd6 36. Bd3 Bb7 37. Ne5 f6 38. Nd7 Kf7 39. Bxd6 Bxd6 40. Nc5 Bc8 41. Kc3 g5 42. Kb4 Ke7 43. a4 bxa4 44. Kxa4 e5 45. Be2 h4 46. Ka5 exd4 47. exd4 Bc7+ 48. Ka4 Bb6 49. b4 Bd7+ 50. Kb3 Bb5 51. Bxb5 axb5 52. Kc3 Kd6 53. Kd3 f5 54. Ke3 Ke7 55. Kd3 Bc7 56. Nb3 Bd6 57. Kc3 g4 58. Nc1 Kf6 59. Nd3 Kg5 60. Kd2 Kf6 61. Ke3 Kg5 62. Nc5 f4+ 63. Ke2 f3+ 64. Kf1 fxg2+ 65. Kxg2 gxh3+ 66. Kxh3 Kf4 67. Kxh4 Kf3 68. Kg5 Kxf2 69. Kf5 Ke3 70. Ke6 Bxc5 71. bxc5 b4 72. c6 b3 73. c7 b2 74. c8Q b1Q 75. Qc3+ Ke4 76. Qc5 Qa2 77. Ke7 Qc4 78. Kd6 Qxd4 79. Qc2+ Ke3 80. Qb3+ Ke4 81. Qc2+ Kf4 82. Qh2+ Kg5 83. Qe5+ Qxe5+ 84. Kxe5 d4 85. Kxd4 1/2-1/2